When you build your church. (Record no. 9071)

000 -LEADER
fixed length control field 00585nam a2200193 a 4500
001 - CONTROL NUMBER
control field :::00006852$&:&@@
003 - CONTROL NUMBER IDENTIFIER
control field OkBaRHE
005 - DATE AND TIME OF LATEST TRANSACTION
control field 20000607103333.0
008 - FIXED-LENGTH DATA ELEMENTS--GENERAL INFORMATION
fixed length control field s1958 j 000 0 eng u
040 ## - CATALOGING SOURCE
Transcribing agency
100 1# - MAIN ENTRY--PERSONAL NAME
Personal name Scotford, John Ryland, 1888-
245 10 - TITLE STATEMENT
Title When you build your church.
260 ## - PUBLICATION, DISTRIBUTION, ETC. (IMPRINT)
Place of publication, distribution, etc Great Neck, NY., :
Name of publisher, distributor, etc Channel Press, Inc.
Date of publication, distribution, etc c1958
300 ## - PHYSICAL DESCRIPTION
Extent 245 p. : illus. ;
Dimensions 21 cm.
650 ## - SUBJECT ADDED ENTRY--TOPICAL TERM
Topical term or geographic name as entry element Church Architecture
650 ## - SUBJECT ADDED ENTRY--TOPICAL TERM
Topical term or geographic name as entry element Churches
942 ## - ADDED ENTRY ELEMENTS (KOHA)
Source of classification or shelving scheme
Koha item type Books
Copies
Not for loan Barcode Damaged status Withdrawn status Date acquired Source of classification or shelving scheme Date last seen Full call number Copy number Price effective from Lost status Permanent Location Koha item type Shelving location
 6852  2010-04-14 2010-04-14BV 604 .S3512010-04-14 RHEMA Bible Training CollegeBooksGeneral Stacks